Vista normal
Vista MARC
Entrada Nombre corporativo
Número de registros utilizados en: 3
001 - NÚMERO DE CONTROL
- Campo de control: 1240
003 - IDENTIFICADOR DE NÚMERO DE CONTROL
- Campo de control: ES-MaCES
005 - FECHA Y HORA DE LA ULTIMA MODIFICACION
- Campo de control: 20061201101000.0
008 - ELEMENTOS DE DATOS DE LONGITUD FIJA
- Campo de longitud fija: 061201 | azznnaabn || ana d
035 ## - NÚMERO DE CONTROL DEL SISTEMA
- Número de control del sistema: CES20060002372e
040 ## - FUENTE DE LA CATALOGACIÓN
- Agencia original de catalogación: ES-MaCES
- Idioma de catalogación: spa
- Agencia de transcripción: ES-MaCES
110 2# - ENCABEZAMIENTO--NOMBRE CORPORATIVO
- Nombre corporativo o de jurisdicción como elemento de entrada: Agencia de Calidad del Sistema Nacional de Salud (España)
410 1# - TRAZADO VEÁSE--NOMBRE CORPORATIVO
- Nombre corporativo o de jurisdicción como elemento de entrada: España
- Unidad subordinada: Ministerio de Sanidad de Consumo
- Unidad subordinada: Secretaría General de Sanidad. Agencia de Calidad del Sistema Nacional de Salud
410 2# - TRAZADO VEÁSE--NOMBRE CORPORATIVO
- Nombre corporativo o de jurisdicción como elemento de entrada: Agencia de Calidad del Sistema Nacional de Salud (España)
- Unidad subordinada: Observatorio del Sistema Nacional de Salud
410 2# - TRAZADO VEÁSE--NOMBRE CORPORATIVO
- Nombre corporativo o de jurisdicción como elemento de entrada: Dirección General de la Agencia de Calidad del Sistema Nacional de Salud (España)
670 ## - FUENTE DE DATOS ENCONTRADOS
- Fuente de citación: www.msc.es
901 ## - CES. DATOS SIRTEX
- ID Sirtex (N5N8): 0001800006704
- 005BIS Sirtex: 200612011010ALORITE

